000 00463cam a2200205u 4500
001 7048771
005 20180112035041.0
008 830422s1964 enkg b 000 0ceng
010 _a 64021274
040 _aDLC
_cCarP
_dDLC
041 _aeng
043 _ae-uk-en
080 _a821
082 _2821 HAR
100 1 _a21
101 _aGJL
245 1 0 _aShakespeare in music;
906 _a0
_bcbc
_cpremunv
_du
_encip
_f19
_gy-gencatlg
942 _2ddc
_cBK
999 _c40158
_d40158